000 00618nam a2200241Ia 4500
003 OSt
005 20221005130748.0
006 a|||||r|||| 00| 0
007 ta
008 221004b |||||||| |||| 00| 0 mal d
024 _a46290
037 _cTextual
040 _aCRL
_cCRL
_bmal
041 _2mal
_amal
082 _aDelta:86:B13, 32J6
100 _aNanukurup Pazhakulam
_9638629
245 0 _aSamkhya pravachanam
260 _c1956
300 _a180
_ccm.
650 _aSPIRITUALISM
942 _hDelta:86:B13, 32J6
_cTEXL
_2cc
999 _c1058338
_d1058338